Statistiche per Top 15 dei paesi con decessi Covid-9 - 11 agosto 2021

Clicka qui per fare il quiz!

Statistiche generali

  • Questo quiz è stato fatto 4 volte
  • Il punteggio medio è 10 su 25

Statistiche sulle risposte

paese% Corretto
Italia
100%
Stati Uniti
100%
Argentina
75%
Brasile
75%
Francia
75%
Germania
75%
Russia
75%
Spagna
75%
Colombia
50%
India
50%
Iran
50%
Messico
50%
Regno Unito
50%
Belgio
25%
Croazia
25%
Paraguay
25%
Perù
25%
Bosnia ed
Erzegovina
0%
Bulgaria
0%
Cechia
0%
Indonesia
0%
Macedonia
del Nord
0%
Slovacchia
0%
Slovenia
0%
Ungheria
0%

Distribuzione punteggi

Percentile per numero di risposta

Percentuale di utenti per punteggio

I tuoi punteggi nel tempo

Non hai fatto questo quiz